000 00928cam a2200265 4500
008 090401t1997 xxu||||| |||| 00| 0 eng d
020 _a1873394187
035 _a(Sirsi) u48271
041 _aeng
050 _a725.54
100 _aFoster, Lisa
245 _aAccess to the historic environment: meeting the needs of disabled people.
260 _aDonhead St. Mary, Dorset
_bDonhead Publishing
_c1997
300 _axi,124p. : ill. ; 22x20cm.
350 _a32
520 _aLooks at ways of solving the problems of access for wheelchair users and other disabled people to historic buildings and sites.
650 _aDISABILITY DISCRIMINATION ACT 1995
650 _aMANAGEMENT-BUSINESS MANAGEMENT-DISCRIMINATION-DISABILITY DISCRIMINATION-ACCESSIBILITY
650 _aDISABLED PEOPLE
650 _aHISTORIC BUILDINGS
650 _aLISTED BUILDINGS
690 _aCONSERVATION
942 _n0
948 _c04/03/1997
999 _c92311
_d92311